000 00295nam a22001337a 4500
008 170606b xxu||||| |||| 00| 0 eng d
020 _a9780415166478
041 _aeng
080 _a94
100 _a18
101 _aSHH
245 _aINTERNATIONALISM AND THE UN
_cDORE.R
942 _2udc
_cBK
999 _c16083
_d16083